| 000 | 00470nam a2200169 a 4500 | ||
|---|---|---|---|
| 005 | 20140412111250.0 | ||
| 008 | 010328s19uu xx 00 eng d | ||
| 020 | _a0-590-76490-X | ||
| 050 |
_aTR(GS 414 _bS36 1997 |
||
| 100 | _aEaton, Deborah | ||
| 245 |
_aBeginning consonant, grades K-1 / _cby Deborah Eaton. |
||
| 260 |
_aNew York : _bScholastic Inc, _c1997. |
||
| 300 | _a31 p. | ||
| 440 | _aScholastic: Fun with Phonics! | ||
| 650 | _aPhonics | ||
| 999 |
_c103113 _d103113 |
||